| 000 | 00692nam a22002057a 4500 | ||
|---|---|---|---|
| 005 | 20140425143424.0 | ||
| 010 | _aENG-109496 | ||
| 020 |
_c650.00 _a9788125054320 |
||
| 035 | _aEN-93029 | ||
| 037 | _bDBAD/PUB | ||
| 082 | _a347.5412 | ||
| 245 | 0 | 0 |
_aThe shifting scales of justice : _cedited by Mayur Suresh [and] Siddharth Narrain _bthe Supreme Court in neo-liberal India / |
| 260 |
_aNew Delhi _bOrient Blakswan _c2014 |
||
| 270 |
_a1/24 Asaf Ali Road _bNew Delhi _e110002 |
||
| 300 |
_axxvi,199p. _c23cm(Hb) |
||
| 500 | _aIncludes bibliographical references and index | ||
| 700 | _aSuresh, Mayur | ||
| 700 | _aNarrain, Siddharth | ||
| 942 |
_2ddc _cEN _mSHI _h347.5412 |
||
| 999 |
_c82826 _d82826 |
||